[Event "Barcelona Sant Marti op-B 21st"]
[Site "Barcelona"]
[Date "2019.07.18"]
[Round "6"]
[White "Asna, Abdeen"]
[Black "Rodriguez Saez, Gerard"]
[Result "1/2-1/2"]
[WhiteElo "1326"]
[BlackElo "1899"]
[PlyCount "64"]
[EventDate "2019.07.13"]
[EventType "swiss"]
[EventRounds "9"]
[EventCountry "ESP"]
[SourceTitle "EXT 2020"]
[Source "ChessBase"]
[SourceDate "2019.10.17"]
[SourceVersion "1"]
[SourceVersionDate "2019.10.17"]
[SourceQuality "1"]

1. e4 d6 2. d4 Nf6 3. Nc3 g6 4. f4 Bg7 5. Nf3 0-0 6. Bd3 Nc6 7. e5 dxe5 8. fxe5 Nh5 9. Be3 Bg4 10. Be2 f6 11. exf6 exf6 12. 0-0 f5 13. h3 Bxf3 14. Bxf3 Nf6 15. Qd2 Qd7 16. Rad1 Rad8 17. Rfe1 Rfe8 18. Kh1 Re7 19. Qf2 Rde8 20. Bxc6 bxc6 21. Bd2 Nh5 22. Rxe7 Rxe7 23. Bg5 Re8 24. Na4 Re2 25. Qf3 Qd6 26. Bh4 Re4 27. Bf2 Kh8 28. c3 Qe7 29. Nc5 Re2 30. Nd3 Bh6 31. Re1 Rxe1+ 32. Bxe1 f4 1/2-1/2

[Event "Barcelona La Lira op 12th"]
[Site "Barcelona"]
[Date "2019.05.02"]
[Round "4"]
[White "Rodriguez Saez, Gerard"]
[Black "Gonzalez Muelas, Marco Antonio"]
[Result "1-0"]
[WhiteElo "1904"]
[BlackElo "1610"]
[PlyCount "95"]
[EventDate "2019.04.04"]
[EventType "swiss"]
[EventRounds "9"]
[EventCountry "ESP"]
[SourceTitle "CBM 190 Extra"]
[Source "ChessBase"]
[SourceDate "2019.07.15"]
[SourceVersion "1"]
[SourceVersionDate "2019.07.15"]
[SourceQuality "1"]

1. e4 c5 2. Nf3 d6 3. d4 cxd4 4. Nxd4 Nf6 5. Nc3 a6 6. h3 e6 7. g4 Be7 8. g5 Nfd7 9. h4 Nc6 10. Be3 Qc7 11. Bg2 Nde5 12. Qe2 b5 13. 0-0-0 Bb7 14. f4 Nc4 15. f5 Nxd4 16. Bxd4 e5 17. Bf2 Rc8 18. Nd5 Bxd5 19. Rxd5 Qa5 20. Kb1 Qb4 21. c3 Qa5 22. Qc2 Qc7 23. Bf1 b4 24. Qa4+ Qc6 25. Qxb4 0-0 26. Qxc4 Qxc4 27. Bxc4 Rxc4 28. Re1 Rb8 29. Kc2 Rb5 30. Rxb5 axb5 31. b3 Rc8 32. Rd1 Ra8 33. Kb2 h6 34. gxh6 gxh6 35. Rd5 Rb8 36. f6 Bxf6 37. Rxd6 Bg7 38. Rb6 Rd8 39. Kc2 Ra8 40. Kb1 Rd8 41. Rxb5 Rd2 42. Bc5 Rd3 43. Kc2 Rh3 44. a4 Rxh4 45. a5 Rxe4 46. a6 Re2+ 47. Kd3 Ra2 48. a7 1-0

[Event "Barcelona La Lira op 12th"]
[Site "Barcelona"]
[Date "2019.04.25"]
[Round "3"]
[White "Rodriguez Saez, Gerard"]
[Black "Volart Buil, Jordi"]
[Result "1-0"]
[WhiteElo "1904"]
[BlackElo "1625"]
[PlyCount "87"]
[EventDate "2019.04.04"]
[EventType "swiss"]
[EventRounds "9"]
[EventCountry "ESP"]
[SourceTitle "CBM 190 Extra"]
[Source "ChessBase"]
[SourceDate "2019.07.15"]
[SourceVersion "1"]
[SourceVersionDate "2019.07.15"]
[SourceQuality "1"]

1. e4 e5 2. Nf3 Qe7 3. Nc3 c6 4. Bc4 h6 5. a4 Nf6 6. 0-0 d6 7. d4 Qc7 8. h3 Be7 9. Qe2 0-0 10. Be3 Nh7 11. Rad1 Re8 12. Nd2 Bf6 13. Nb3 Nd7 14. f4 exd4 15. Nxd4 Bxd4 16. Rxd4 Ndf6 17. Rfd1 d5 18. exd5 c5 19. R4d2 Ne4 20. Nxe4 Rxe4 21. d6 Qd7 22. Qd3 Nf6 23. Bxc5 a6 24. Re2 Qc6 25. Rxe4 Nxe4 26. Bf2 Nxf2 27. Kxf2 Qc5+ 28. Qd4 Qxd4+ 29. Rxd4 Bf5 30. Bd3 Bd7 31. Rc4 Rd8 32. Rc7 Bc6 33. c4 g6 34. c5 Kg7 35. Bxa6 Bxa4 36. Bxb7 Kf6 37. Bd5 Be8 38. b4 g5 39. fxg5+ hxg5 40. Re7 Rb8 41. Rb7 Rxb7 42. Bxb7 Ke6 43. Ke3 f5 44. Bc8+ 1-0

[Event "Barcelona Sant Marti op 8th"]
[Site "Barcelona"]
[Date "2019.01.17"]
[Round "1"]
[White "Febrero Perez, Lluis"]
[Black "Rodriguez Saez, Gerard"]
[Result "0-1"]
[WhiteElo "1419"]
[BlackElo "1854"]
[PlyCount "74"]
[EventDate "2019.01.17"]
[EventType "swiss"]
[EventRounds "9"]
[EventCountry "ESP"]
[SourceTitle "CBM 189 Extra"]
[Source "ChessBase"]
[SourceDate "2019.06.03"]
[SourceVersion "1"]
[SourceVersionDate "2019.06.03"]
[SourceQuality "1"]

1. e4 d6 2. d4 Nf6 3. Nd2 g6 4. b3 Bg7 5. Bb2 0-0 6. Bd3 Nbd7 7. Ne2 e5 8. c3 Qe7 9. d5 Ng4 10. h3 Nh6 11. 0-0 f5 12. exf5 Nxf5 13. Bxf5 gxf5 14. Ng3 Nf6 15. Qf3 f4 16. Nge4 Nxd5 17. Rfe1 Be6 18. c4 Nf6 19. Nxf6+ Rxf6 20. Qxb7 Raf8 21. Qf3 Rg6 22. Re2 Qh4 23. Kh2 Kh8 24. Rg1 Bg4 25. Qe4 Bxe2 26. Qxe2 Rg8 27. g3 fxg3+ 28. fxg3 Qe7 29. Ne4 Qe6 30. Bc1 Bh6 31. Bb2 Bg7 32. Bc1 h6 33. Qh5 Bf8 34. Bb2 c6 35. Bc3 Kh7 36. Bd2 d5 37. cxd5 cxd5 0-1

[Event "Barcelona Paredes Memorial 19th"]
[Site "Barcelona"]
[Date "2017.05.20"]
[Round "5"]
[White "Rodriguez Saez, Gerard"]
[Black "Delgado Montanes, Jose Antonio"]
[Result "0-1"]
[WhiteElo "1802"]
[BlackElo "2078"]
[PlyCount "96"]
[EventDate "2017.04.22"]
[EventType "swiss"]
[EventRounds "9"]
[EventCountry "ESP"]
[SourceTitle "EXT 2018"]
[Source "ChessBase"]
[SourceDate "2017.10.13"]
[SourceVersion "1"]
[SourceVersionDate "2017.10.13"]
[SourceQuality "1"]

1. e4 e6 2. d4 d5 3. Nd2 Nf6 4. e5 Nfd7 5. Bd3 c5 6. c3 b6 7. Ne2 Ba6 8. Bxa6 Nxa6 9. 0-0 Nc7 10. Nf4 h5 11. Nf3 Be7 12. Nh3 Nf8 13. Nfg5 f5 14. exf6 gxf6 15. Nf3 Qd7 16. a4 0-0-0 17. dxc5 Bxc5 18. b4 Bd6 19. Be3 e5 20. a5 Kb7 21. axb6 axb6 22. Qb3 Nfe6 23. c4 d4 24. Bd2 e4 25. Nh4 Rhg8 26. c5 Be5 27. Rfc1 Qc6 28. cxb6 Qxb6 29. Ra5 Ra8 30. Qc2 d3 31. Qc4 Nd4 32. Kh1 Rgd8 33. Nf5 Rxa5 34. bxa5 Qb5 35. Nxd4 Qxc4 36. Rxc4 Bxd4 37. Nf4 f5 38. Rxc7+ Kxc7 39. Ne6+ Kc8 40. Nxd8 Kxd8 41. Kg1 Kc7 42. Kf1 Kb7 43. Ke1 Ka6 44. Bf4 Kxa5 45. Kd2 Kb4 46. f3 Kc4 47. fxe4 fxe4 48. h3 Bf2 0-1

[Event "Vall del Tenes op 5th"]
[Site "Vall del Tenes"]
[Date "2016.04.22"]
[Round "3"]
[White "Rodriguez Saez, Gerard"]
[Black "Barcons Gallach, Alfonso"]
[Result "1-0"]
[WhiteElo "1815"]
[BlackElo "1865"]
[PlyCount "87"]
[EventDate "2016.04.08"]
[EventType "swiss"]
[EventRounds "8"]
[EventCountry "ESP"]
[SourceTitle "CBM 172 Extra"]
[Source "ChessBase"]
[SourceDate "2016.06.21"]
[SourceVersion "1"]
[SourceVersionDate "2016.06.21"]
[SourceQuality "1"]

1. e4 e5 2. Nf3 Nc6 3. Bb5 a6 4. Ba4 b5 5. Bb3 Bb7 6. 0-0 Nf6 7. d4 Nxd4 8. Nxd4 exd4 9. Qxd4 c5 10. Qe5+ Be7 11. Bd5 Bxd5 12. exd5 d6 13. Qg3 Rg8 14. Re1 Qd7 15. Qd3 0-0-0 16. a4 Rge8 17. axb5 Qxb5 18. c4 Qb7 19. Ra5 Bf8 20. Be3 Qb4 21. Qc3 Qxc3 22. Nxc3 Kb7 23. Rea1 Ra8 24. h3 Ne4 25. Na2 Be7 26. b4 Kb6 27. Ra4 Reb8 28. f3 Bg5 29. bxc5+ dxc5 30. Bxg5 Nxg5 31. Rb1+ Kc7 32. Rxb8 Rxb8 33. h4 Rb1+ 34. Kh2 Nxf3+ 35. gxf3 Rb2+ 36. Kg3 Kb6 37. Nc3 Rb4 38. Rxb4+ cxb4 39. Nb1 a5 40. Kf4 a4 41. Ke4 a3 42. Nd2 Ka5 43. d6 a2 44. d7 1-0

[Event "Llinars del Valles op-B 8th"]
[Site "Llinars del Valles"]
[Date "2015.05.02"]
[Round "4"]
[White "Garcia Escoda, Marc"]
[Black "Rodriguez Saez, Gerard"]
[Result "1/2-1/2"]
[WhiteElo "1941"]
[BlackElo "1985"]
[PlyCount "48"]
[EventDate "2015.04.11"]
[EventType "swiss"]
[EventRounds "9"]
[EventCountry "ESP"]
[SourceTitle "EXT 2016"]
[Source "ChessBase"]
[SourceDate "2015.10.08"]
[SourceVersion "1"]
[SourceVersionDate "2015.10.08"]
[SourceQuality "1"]

1. e4 e5 2. Nf3 Nc6 3. Bb5 a6 4. Ba4 Nf6 5. d4 exd4 6. 0-0 b5 7. Bb3 d6 8. Ng5 Ne5 9. f4 Nc4 10. e5 Nd5 11. Bxc4 bxc4 12. Qxd4 Bb7 13. e6 fxe6 14. Nxe6 Qf6 15. Qxf6 gxf6 16. Bd2 Kf7 17. f5 h5 18. Nc3 Nxc3 19. Bxc3 Rg8 20. Rf2 d5 21. Bd4 Bd6 22. Be3 Rg4 23. Bf4 Rag8 24. Bxd6 cxd6 1/2-1/2

[Event "Vall del Tenes op 3rd"]
[Site "Santa Eulalia de Roncana"]
[Date "2014.06.06"]
[Round "7"]
[White "Rodriguez Saez, Gerard"]
[Black "Cordomi Fons, Francesco"]
[Result "1/2-1/2"]
[WhiteElo "1961"]
[BlackElo "2047"]
[PlyCount "104"]
[EventDate "2014.04.25"]
[EventType "swiss"]
[EventRounds "8"]
[EventCountry "ESP"]
[SourceTitle "CBM 160 Extra"]
[Source "ChessBase"]
[SourceDate "2014.07.01"]
[SourceVersion "1"]
[SourceVersionDate "2014.07.01"]
[SourceQuality "1"]

1. e4 c5 2. Nf3 Nc6 3. d4 cxd4 4. Nxd4 d6 5. Nc3 Nf6 6. f3 g6 7. Be3 Bg7 8. Qd2 0-0 9. g4 Ne8 10. 0-0-0 Qa5 11. h4 Nxd4 12. Bxd4 Be6 13. h5 Bxd4 14. Qxd4 g5 15. h6 Qe5 16. Qxe5 dxe5 17. Nd5 Bxd5 18. Rxd5 f6 19. Bc4 Kh8 20. Rd7 Nd6 21. Bd5 Rab8 22. Rxe7 Rfe8 23. Rg7 a5 24. Rd1 b5 25. Bc6 Red8 26. Rd5 b4 27. Re7 Nc4 28. Rc5 Ne3 29. Bd5 Rbc8 30. Rcc7 Rxc7 31. Rxc7 a4 32. c4 bxc3 33. Rxc3 Nxd5 34. exd5 Kg8 35. Rc4 a3 36. b4 Rxd5 37. Kc2 Rd7 38. Kb3 Kf7 39. b5 Rd5 40. b6 Rd3+ 41. Kc2 Rxf3 42. b7 Rf2+ 43. Kd3 Rb2 44. Rc7+ Kg6 45. Ke4 Kxh6 46. Kf5 Rb5 47. Ke4 Kg6 48. Kd3 h5 49. gxh5+ Kxh5 50. Kc4 Rb2 51. Kd5 g4 52. Ke6 Kg6 1/2-1/2

[Event "Vall del Tenes op 3rd"]
[Site "Santa Eulalia de Roncana"]
[Date "2014.05.23"]
[Round "5"]
[White "Rodriguez Saez, Gerard"]
[Black "Urena Casacuberta, Lluis"]
[Result "1/2-1/2"]
[WhiteElo "1961"]
[BlackElo "2051"]
[PlyCount "45"]
[EventDate "2014.04.25"]
[EventType "swiss"]
[EventRounds "8"]
[EventCountry "ESP"]
[SourceTitle "CBM 160 Extra"]
[Source "ChessBase"]
[SourceDate "2014.07.01"]
[SourceVersion "1"]
[SourceVersionDate "2014.07.01"]
[SourceQuality "1"]

1. e4 c5 2. Nf3 d6 3. d4 cxd4 4. Nxd4 Nf6 5. Nc3 g6 6. f3 Bg7 7. Be3 0-0 8. Qd2 Nc6 9. g4 Bd7 10. h4 h5 11. gxh5 Nxh5 12. 0-0-0 Qa5 13. Rg1 Bf6 14. f4 Bxd4 15. Bxd4 Nxd4 16. Qxd4 Nxf4 17. Nd5 Nxd5 18. exd5 Qc5 19. h5 Qxd4 20. Rxd4 Bf5 21. Rf4 Kh7 22. Rh1 Kg7 23. Rg1 1/2-1/2

[Event "Llinars op Tardor Llinars d I"]
[Site "Llinars del Valles"]
[Date "2009.10.23"]
[Round "4.5"]
[White "Rodriguez Saez, Gerard"]
[Black "Lafuente Ruiz, Jose Manuel"]
[Result "0-1"]
[WhiteElo "1889"]
[BlackElo "1739"]
[PlyCount "98"]
[EventDate "2009.10.02"]
[EventType "swiss"]
[EventRounds "9"]
[EventCountry "ESP"]
[SourceTitle "EXT 2024"]
[Source "ChessBase"]
[SourceDate "2023.10.10"]
[SourceVersion "1"]
[SourceVersionDate "2023.10.10"]
[SourceQuality "1"]

1. e4 e5 2. Nf3 Nf6 3. Bc4 Nxe4 4. Nc3 Nd6 5. Bd5 c6 6. Bb3 e4 7. Ne5 Qf6 8. d4 exd3 9. 0-0 Be7 10. Re1 0-0 11. Qxd3 Na6 12. Ng4 Qh4 13. Qd4 Nf5 14. Qf4 d5 15. g3 Qh5 16. Ne5 g5 17. Qd2 Qh6 18. Nf3 Bf6 19. Nxg5 Bxg5 20. Qxg5+ Qxg5 21. Bxg5 Nc5 22. g4 Nd4 23. Bh6 Nf3+ 24. Kh1 Nxe1 25. Bxf8 Kxf8 26. Rxe1 Nxb3 27. axb3 Bxg4 28. Na4 Re8 29. Rxe8+ Kxe8 30. Nc5 b6 31. Nd3 Bd1 32. Nb4 Kd7 33. Kg2 a5 34. Nd3 Bxc2 35. Ne5+ Kc7 36. Nxf7 Bxb3 37. f4 d4 38. Ne5 c5 39. Kf3 b5 40. Ke4 a4 41. Kd3 Kd6 42. Kd2 Kd5 43. Nd7 c4 44. Ne5 Ke4 45. Nc6 d3 46. Na7 b4 47. Nc6 a3 48. bxa3 bxa3 49. Na5 a2 0-1

[Event "Llinars op Tardor Llinars d I"]
[Site "Llinars del Valles"]
[Date "2009.10.16"]
[Round "3.6"]
[White "Olleta Tanya, Jordi"]
[Black "Rodriguez Saez, Gerard"]
[Result "0-1"]
[WhiteElo "1698"]
[BlackElo "1889"]
[PlyCount "120"]
[EventDate "2009.10.02"]
[EventType "swiss"]
[EventRounds "9"]
[EventCountry "ESP"]
[SourceTitle "EXT 2024"]
[Source "ChessBase"]
[SourceDate "2023.10.10"]
[SourceVersion "1"]
[SourceVersionDate "2023.10.10"]
[SourceQuality "1"]

1. c4 e6 2. Nc3 d5 3. cxd5 exd5 4. d4 Bf5 5. Nf3 Nf6 6. Bf4 c6 7. g3 Bd6 8. Bxd6 Qxd6 9. Qb3 Qc7 10. Bg2 Qb6 11. Qxb6 axb6 12. 0-0 Nbd7 13. Nh4 Be6 14. f4 Nb8 15. f5 Bd7 16. Rfe1 0-0 17. e4 dxe4 18. Nxe4 Nxe4 19. Rxe4 Ra5 20. g4 Re8 21. a3 Rxe4 22. Bxe4 Ra4 23. b4 c5 24. Bc2 Ra6 25. Bd3 Ra4 26. Bc2 Ra6 27. dxc5 bxc5 28. bxc5 Ra5 29. Be4 Rxc5 30. Bxb7 Rc4 31. h3 h5 32. Bf3 Bc6 33. Kg2 Rc2+ 34. Kg3 Rc3 35. gxh5 Nd7 36. a4 Ne5 37. Re1 Nxf3 38. Nxf3 Rxf3+ 39. Kg4 Ra3 40. Rc1 Rxa4+ 41. Kg3 Bd7 42. Rf1 Kh7 43. h4 Ra5 44. f6 Ra3+ 45. Kf4 gxf6 46. Rd1 Be6 47. Re1 Rh3 48. Rf1 Rxh4+ 49. Kg3 Rxh5 50. Rxf6 Rf5 51. Rxf5 Bxf5 52. Kf4 Bd7 53. Ke5 Kg6 54. Kf4 f5 55. Kg3 Kg5 56. Kf3 f4 57. Kg2 Kg4 58. Kf2 f3 59. Kf1 Kg3 60. Kg1 f2+ 0-1

[Event "Llinars del Valles op 3rd"]
[Site "Llinars del Valles"]
[Date "2009.05.23"]
[Round "6"]
[White "Rodriguez Saez, Gerard"]
[Black "Diaz Camallonga, Carles"]
[Result "1-0"]
[WhiteElo "1891"]
[BlackElo "1634"]
[PlyCount "53"]
[EventDate "2009.04.18"]
[EventType "swiss"]
[EventRounds "7"]
[EventCountry "ESP"]
[SourceTitle "EXT 2011"]
[Source "ChessBase"]
[SourceDate "2010.11.26"]
[SourceVersion "1"]
[SourceVersionDate "2010.11.26"]
[SourceQuality "1"]

1. e4 e6 2. d4 d5 3. Nc3 Bb4 4. e5 c5 5. a3 Bxc3+ 6. bxc3 Qc7 7. Nf3 Ne7 8. Bd3 Nbc6 9. 0-0 c4 10. Be2 0-0 11. h4 f6 12. exf6 Rxf6 13. Bg5 Rf7 14. h5 h6 15. Bh4 Nf5 16. Qd2 Nd6 17. Bg3 Qe7 18. Nh4 Ne4 19. Qe3 b5 20. Ng6 Qf6 21. Bh4 Ng5 22. f4 Nh3+ 23. Qxh3 Qf5 24. Qxf5 exf5 25. Bf3 Be6 26. Rfe1 Re8 27. Bxd5 1-0